000 00390nam a2200133Ia 4500
008 220217s9999||||xx |||||||||||||| ||und||
020 _a0-07-041267-7
082 _a005.13 ZAC
100 _aZacker, Craig
_93387
245 0 _aCompete reference upgrading and troubleshooting networks
260 _aTata mcgraw hill
_bNew Delhi
_c2000
300 _b495
650 _aPROGRAMMING LANGUAGE
999 _c171548
_d171548